U.S. Counties - Sudden Death - Statistics

General Stats
  • This quiz has been taken 118 times
  • The average score is 5 of 15
Answers on the Grid
Answers color-coded by a green-red scale on the quiz's grid according to % correct below.
Allison
Aspen
Decatur
Edison
Ellis
Fox River
Gastonia
Grand Lake
Hastings
Hinds
Laramie
Lee
Limestone
McKay
Navajo
Ojibwe
Pherson
Pierce
Plateau
Pocahontas
Power
Scotts
Stewart
Surrey
Sussex
Thompson
Volusia
Withers
Yellow Medicine
Ziebach
 
Answer Stats
Answer % Correct
Lee
53%
Navajo
49%
Pierce
47%
Sussex
47%
Laramie
42%
Ellis
38%
Decatur
37%
Limestone
37%
Pocahontas
27%
Volusia
27%
Hinds
26%
Yellow Medicine
25%
Ziebach
23%
Stewart
21%
Power
18%
No matching quizzes found
Score Distribution
Percent of People with Each Score
Percentile by Number Answered
Your Score History
You have not taken this quiz